| 000 | 00872nam0a22002651 4500 | ||
|---|---|---|---|
| 001 | rc\121773 | ||
| 005 | 20260407070327.0 | ||
| 010 |
_a5-09-003828-7 _9150000 |
||
| 035 | _a(NLR Aleph) 005378991 | ||
| 090 |
_a7080298 _c7080298 |
||
| 100 | _a20021216d1992 |||y0rusy50 ca | ||
| 101 | 0 | _arus | |
| 102 | _aRU | ||
| 105 | _aa ||||||||| | ||
| 200 | 1 |
_aЕрмак _eКн. для учащихся ст. классов _fР.Г. Скрынников |
|
| 205 | _a2-е изд., перераб. и доп. | ||
| 210 |
_aМ. _cПросвещение _d1992 |
||
| 215 |
_a158, [2] с. _cил. _d22 |
||
| 700 | 1 |
_aСкрынников _bР. Г. _cд-р ист. наук _f1931-2009 _gРуслан Григорьевич _3RU\NLR\AUTH\770139534 _9139499 |
|
| 801 | 0 |
_aRU _bNLR _gpsbo |
|
| 801 | 1 |
_aRU _bELAR _2rusmarc |
|
| 852 |
_aNLR _j92-5/961 |
||
| 942 | _cBOOK | ||
| 980 | _aNB | ||